LIBRARY & INFORMATION CENTRE, KCAET, TAVANUR

ONLINE PUBLIC ACCESS CATALOGUE (OPAC)

Body lab | ബോഡി ലാബ് (Record no. 17664)

MARC details
000 -LEADER
fixed length control field 01544nam a22001697a 4500
003 - CONTROL NUMBER IDENTIFIER
control field OSt
008 - FIXED-LENGTH DATA ELEMENTS--GENERAL INFORMATION
fixed length control field 230506b |||||||| |||| 00| 0 eng d
041 ## - LANGUAGE CODE
Language code of text/sound track or separate title MAL
082 ## - DEWEY DECIMAL CLASSIFICATION NUMBER
Classification number 894.812 3
Item number RAJ/BO
100 ## - MAIN ENTRY--AUTHOR NAME
Personal name Rajad, R
-- രജത് ആർ
245 ## - TITLE STATEMENT
Title Body lab
Remainder of title ബോഡി ലാബ്
250 ## - EDITION STATEMENT
Edition statement 2
260 ## - PUBLICATION, DISTRIBUTION, ETC. (IMPRINT)
Place of publication kottayam
Name of publisher dcbooks
Year of publication 2022
300 ## - PHYSICAL DESCRIPTION
Number of Pages 230
520 ## - SUMMARY, ETC.
Summary, etc ഡി.കെ. മെഡിക്കൽ കോളേജിലെ ഡിസക്ഷൻ ലാബിന് മുന്നിലെ വലിയ ഫലകത്തിലെ ഈ വാക്കുകൾ പുതിയതായി ജോലിക്കു വന്ന ഡോക്ടർ അഹല്യയ്ക്ക് കൗതുകകരമായി തോന്നി എന്നാൽ അവിടെ കീറിമുറിച്ച് പഠിപ്പിക്കാൻ നൽകിയ അഞ്ചു മൃതദേഹങ്ങളിൽ ഒന്ന് കണ്ടതോടെ കൗതുകം ഭീതിക്ക് വഴിമാറി. പിന്നീട് നടന്ന അസാധാരണ സംഭവങ്ങളുടെ അർത്ഥം ചികഞ്ഞ അവൾക്ക് ഒരു കാര്യം മനസ്സിലായി നിഗൂഢമായ ആ ലാബിലെ രഹസ്യങ്ങൾ ലോലഹൃദയർക്ക് ചേർന്നതല്ല. പക്ഷേ, അപ്പോഴേക്ക് സമയം വല്ലാതെ വൈകിയിരുന്നു.<br/>
942 ## - ADDED ENTRY ELEMENTS (KOHA)
Koha item type Books
Holdings
Withdrawn status Lost status Damaged status Collection code Home library Current library Shelving location Date acquired Cost, normal purchase price Full call number Accession Number Koha item type
      Fiction KAUAET KAUAET Fiction 06/05/2023 280.00 894.812 3 RAJ/BO 26223 Books
free website counter